00296nam a22000857a 4500008004100000082002200041245008700063260005200150300000800202230626b xxu||||| |||| 00| 0 eng d a337.14bEALA 2006 aAudited Accounts of the East African Commuinity for the Year Ended 30th June, 2003 aArushabEast African Legislative Assemblyc2006 a12p